| 000 | 00548nam a2200133Ia 4500 | ||
|---|---|---|---|
| 008 | 171212s9999 xx 000 0 und d | ||
| 020 | _a9781922144478 | ||
| 100 | _aGarnaut, Ross;Song, Ligang;Yao, Yang;Wang, Xiaolu | ||
| 245 |
_cGarnaut, Ross;Song, Ligang;Yao, Yang;Wang, Xiaolu _aPrivate Enterprise in China |
||
| 260 |
_bANU E Press _c2012 |
||
| 650 | _aBusiness | ||
| 650 | _aFree enterprise -- China; Privatization -- China; Industrial policy -- China; China -- Economic conditions -- 1976- | ||
| 856 | _uhttp://www.jstor.org/stable/j.ctt24hdbj | ||
| 999 |
_c351273 _d351273 |
||